000 00563nam a22001697a 4500
005 20210325173430.0
008 s2529 th tha d
041 _atha
050 _aBQ5125 ภ227พ
245 1 0 _aพระพุทธรูปและสิ่งศักดิ์สิทธิ์ เล่ม 4
260 3 _aกรุงเทพฯ :
_bภาวิต,
_c2529
300 _a106 หน้า :
_b ภาพประกอบ
650 0 4 _aพระพุทธรูป
850 _aNALT
942 _cGB
_01
997 _c000000000001380
999 _c1380
_d1380